Представление документа в формате RUSMARC

ПолеНазваниеЗначение
  Тип записи a
  Библиографический уровень m
001 Контрольный номер RU/REG73/CBS_GRAD/c085a147cd1d4849996f0c7ba5525d42
005 Дата корректировки 20230814084103.9
010 Индекс ISBN __
a ISBN 978-5-7793-2082-5
100 Данные общей обработки __
a Данные общей обработки 20230814d 0rusy0189## ca
101 Язык документа 0_
a Язык текста rus
102 Страна публикации __
a Страна публикации RU
200 Заглавие и сведения об ответственности 1_
a Заглавие Чудеса живой природы
f Первые сведения об ответственности Виктор Иванович Калашников, Светлана Аркадьевна Лаврова
210 Выходные данные 1_
a Место издания Москва
c Издательство Белый город
d Дата издания 2009
215 Физическое описание __
a Объем 189 с.
225 Серия 2_
a Серия Энциклопедия тайн и загадок
686 Индексы других классификаций __
a Классификационный индекс 20
801 Источник записи _0
a Страна RU
b Организация RuCBSGrad
c Дата составления 20230814
g Правила каталогизации RCR
801 Источник записи _1
a Страна RU
b Организация RuCBSGrad
c Дата составления 20230814
g Правила каталогизации RCR
852 Данные о местонахождении __
i Авторский знак Ч-84
901 Тип документа __
t Тип документа m